Statistics for Top 15 LB's in NFL History

Click here to take the quiz!

General Stats

  • This quiz has been taken 645 times
  • The average score is 5 of 15

Answer Stats

HintAnswer% Correct
1996-2012Ray Lewis
91%
1981-1993Lawrence Taylor
81%
1965-1973Dick Butkus
52%
2000-Brian Urlacher
51%
1981-1992Mike Singletary
49%
1974-1984Jack Lambert
42%
1971-1982Jack Ham
39%
1989-1999Derrick Thomas
37%
1990-2009Junior Seau
32%
1995-2008Derrick Brooks
31%
1958-1972Ray Nitschke
16%
1969-1983Ted Hendricks
3%
1976-1988Harry Carson
2%
1963-1976Lee Roy Jordan
1%
1988-2003Bill Romonowski
0%

Score Distribution

Percentile by Number Answered

Percent of People with Each Score

Your Score History

You have not taken this quiz